[Event "Under 2000"]
[Site "SchemingMind.com"]
[Date "2009.01.09"]
[Round "-"]
[White "schakert"]
[Black "Phillip Beckett"]
[Result "0-1"]
[WhiteCountry "NED"]
[BlackCountry "ENG"]
[WhiteElo "1784"]
[WhiteRD "62"]
[BlackElo "1833"]
[BlackRD "95"]
[GameID "187133"]

1. d4 d5 2. g3 e6 3. Bg2 Nf6 4. Nf3 Be7 5. O-O O-O 6. c4 c6 7. Nc3 Nbd7 8. Bg5 h6 9. Bxf6 Nxf6 10. Re1 dxc4
11. e4 b5 12. Ne5 Bb7 13. d5 exd5 14. exd5 cxd5 15. Nxb5 Bc5 16. Nxc4 dxc4 17. Bxb7 Rb8 18. Re5 Qxd1+ 19. Rxd1 Bxf2+
0-1

[Event "Under 2000"]
[Site "SchemingMind.com"]
[Date "2009.01.09"]
[Round "-"]
[White "Milan"]
[Black "Phillip Beckett"]
[Result "1/2-1/2"]
[WhiteCountry "CZE"]
[BlackCountry "ENG"]
[WhiteElo "1713"]
[WhiteRD "66"]
[BlackElo "1833"]
[BlackRD "95"]
[GameID "187134"]

1. d4 d5 2. Nf3 Nf6 3. e3 e6 4. Bd3 c5 5. c3 Nc6 6. Nbd2 Bd6 7. O-O O-O 8. dxc5 Bxc5 9. e4 dxe4 10. Nxe4 Nxe4
11. Bxe4 Qb6 12. Bxh7+ Kxh7 13. Ng5+ Kg6 14. Qg4 f5 15. Qg3 Kf6 16. Nh7+ Kf7 17. Nxf8 Kxf8 18. Rb1 Bd7 19. Be3 Rd8 20. Bxc5+ Qxc5
21. Rfd1 Qe7 22. Rd6 Bc8 23. Rbd1 Rxd6=
1/2-1/2

[Event "Under 2000"]
[Site "SchemingMind.com"]
[Date "2009.01.14"]
[Round "-"]
[White "iwegiel"]
[Black "Phillip Beckett"]
[Result "1-0"]
[WhiteCountry "POL"]
[BlackCountry "ENG"]
[WhiteElo "1938"]
[WhiteRD "71"]
[BlackElo "1833"]
[BlackRD "95"]
[GameID "187135"]

1. b4 c6 2. Bb2 Qb6 3. a3 a5 4. c4 axb4 5. c5 Qc7 6. axb4 Rxa1 7. Bxa1 Nf6 8. e3 g6 9. Nc3 Bg7 10. Ne4 O-O
11. Bxf6 exf6 12. Nd6 b6 13. Nf3 bxc5 14. bxc5 Ba6 15. Qa4 Bxf1 16. Rxf1 Rd8 17. Qc4 Rf8= 18. Ke2 Qa7 19. d4 Qa3 20. Rb1 Na6
21. Rb6 Rb8 22. Qxf7+ Kh8 23. Rxb8+ Nxb8 24. Qe8+
1-0

[Event "Under 2000"]
[Site "SchemingMind.com"]
[Date "2009.01.09"]
[Round "-"]
[White "waldron"]
[Black "Phillip Beckett"]
[Result "1-0"]
[WhiteCountry "USA"]
[BlackCountry "ENG"]
[WhiteElo "2090"]
[WhiteRD "72"]
[BlackElo "1833"]
[BlackRD "95"]
[GameID "187136"]

1. c4 e6 2. g3 d5 3. Bg2 c6 4. b3 Nf6 5. d4 Be7 6. Nf3 Nbd7 7. O-O O-O 8. Bb2 dxc4 9. bxc4 Nb6 10. Nbd2 Bd7
11. a4 c5 12. a5 Na4 13. Rxa4 Bxa4 14. Qxa4 cxd4 15. Nxd4 Rb8 16. Rd1 Qd7 17. Qa1 Bc5 18. N2b3 Qe7 19. Nxc5 Qxc5 20. Ba3 Qxa5
21. Bxf8 Kxf8 22. Qxa5
1-0